| 000 | 01118nam a2200289 a 4500 | ||
|---|---|---|---|
| 001 | |||
| 003 | DO-SdBNP | ||
| 005 | 20210721125237.0 | ||
| 008 | 090701s1982 dr 000 0 spa d | ||
| 040 |
_aBPMSU _bspa _cBPMSU |
||
| 082 |
_a304.64 _bM938m 1982 _222 |
||
| 100 | 1 | _aMoya, Francisco de | |
| 245 | 1 | 3 |
_aLa mortalidad en la República Dominicana según características sociales y geográficas / _cFrancisco de Moya, Marina Taveras y Sonia Díaz. |
| 260 |
_a[Santo Domingo] : _bSESPAS : _bCONAPOFA, _c1982. |
||
| 300 |
_a93 p. : _bil. ; _c21 cm. |
||
| 504 | _aIncluye referencias bibliográficas y notas al pie de las páginas. | ||
| 590 | _aInvetnariado, 2021/VM | ||
| 650 | 4 |
_aMortalidad _zRepública Dominicana |
|
| 650 | 4 |
_aPredicciones demográficas _zRepública Dominicana |
|
| 651 | 4 |
_aRepública Dominicana _xAspectos Sociales |
|
| 700 | 1 | _aTaveras, Marina | |
| 700 | 1 | _aDíaz, Sonia | |
| 710 | 2 | _aSecretaría de Estado de Salud Pública y Asistencia Social.(República Dominicana) | |
| 710 | 2 | _aConsejo Nacional de Población y Familia (República Dominicana). | |
| 910 | _aVMateo V. | ||
| 942 |
_2ddc _cBK |
||
| 999 |
_c13590 _d13590 |
||